Heroes medievales. el cid campeador. arturo. los nibelungos /
Guardado en:
| Autor Principal: | |
|---|---|
| Formato: | Libro |
| Publicado: |
Buenos Aires :
Cantaro,2005.
|
| Series: | Coleccion El Mirador
|
| Etiquetas: |
Agregar Etiqueta
Sin Etiquetas, Sea el primero en etiquetar este registro!
|
| LEADER | 00594nam a22001815a 4500 | ||
|---|---|---|---|
| 001 | CEM.cems018698 | ||
| 005 | 20190409124442.0 | ||
| 008 | 130507b######################000#0#####d | ||
| 003 | CEMS | ||
| 020 | |a 9507531300 | ||
| 082 | 0 | 4 | |a 861.107 |
| 100 | 1 | |a Anonimo | |
| 245 | 1 | 0 | |a Heroes medievales. el cid campeador. arturo. los nibelungos / |c Ruth Kaufman; franco Vaccarini. |
| 260 | |a Buenos Aires : |b Cantaro,2005. | ||
| 300 | |a 218p. ; 20cm. | ||
| 490 | 0 | |a Coleccion El Mirador | |
| 505 | 0 | |a Heroes medievales -- El cid Campeador -- Arturo. | |
| 859 | |a CEMS |b BIB. CEMS - Agricultura |h 861.107 |i G165 |p A3151.18 |t Ej.1 | ||
